Konštrukcia zariadení na obrábanie vodným lúčom - WJM
Enregistré dans:
| Auteur principal: | |
|---|---|
| Format: | Manuscrit Livre |
| Langue: | slovaque |
| Publié: |
2014
|
| Sujets: | |
| Accès en ligne: | http://is.stuba.sk/zp/portal_zp.pl?podrobnosti_zp=47858 |
| Tags: |
Pas de tags, Soyez le premier à ajouter un tag!
|
MARC
| LEADER | 00000ntm a22000003a 4500 | ||
|---|---|---|---|
| 001 | stuzp47858 | ||
| 003 | SK-STU | ||
| 005 | 20150817155852.1 | ||
| 007 | ta | ||
| 008 | 150427s2015----xo-----f-mn---000-0-slo-d | ||
| 040 | |a STU |b slo | ||
| 041 | 0 | |a slo | |
| 100 | 1 | |a Krajný, Zdenko |u 020070 |4 aut |U SjF Strojnícka fakulta |T SjF Ústav výrobných systémov, enviromentálnej techniky a manažment kvality |X 2354 |U J0070 |Y 804 |7 A000002354 | |
| 242 | 0 | 1 | |a DESIGN EQUIPMENT FOR CUTTING WATER JET - WJM |y eng |
| 245 | 1 | 0 | |a Konštrukcia zariadení na obrábanie vodným lúčom - WJM |
| 260 | |c 2014 | ||
| 650 | 4 | |a vysokotlakový vodný lúč |2 slo | |
| 650 | 4 | |a piestový hydrogenerátor |2 slo | |
| 650 | 4 | |a hydraulický multiplikátor |2 slo | |
| 650 | 4 | |a high pressure water jet |2 eng | |
| 650 | 4 | |a piston pump |2 eng | |
| 650 | 4 | |a hydraulic multiplier - amplifier pressure |2 eng | |
| 856 | 4 | |u http://is.stuba.sk/zp/portal_zp.pl?podrobnosti_zp=47858 | |